Helena - Pieds sur terre (paroles) - Statistiques

Statistiques générales
  • Ce quiz a été pris 248 fois
  • Le résultat moyen est 250 sur 287
Statistiques - réponses
Paroles % Correct
le
98%
de
97%
les
97%
Les
97%
pour
97%
à
96%
Couplet 1 | Couplet 2 J'ai
96%
j'ai
96%
pas
96%
Refrain Pas
96%
la
95%
que
95%
un
95%
qui
94%
besoin
93%
cru
93%
dans
92%
des
92%
nuages
92%
tête
92%
et
91%
Pont Et
91%
ce
90%
moi
90%
parfois
90%
Parfois
90%
planer
90%
prince
90%
rêvé
90%
au
89%
c'est
89%
charmant
89%
gars
89%
j'rêve
89%
suis
89%
J'crois
88%
j'crois
88%
Mais
88%
sirènes
88%
tous
88%
vrai
88%
vu
88%
beaucoup
87%
d'enfants
87%
Ils
87%
même
87%
part
87%
Tiktok
87%
Une
87%
existaient
86%
gâteaux
86%
heureux
86%
mirages
86%
qu'les
86%
tout
86%
vécurent
86%
vidéo
86%
eurent
85%
garçon
85%
je
85%
parlait
85%
temps
85%
font
83%
idiots
83%
sur
83%
bonbons
82%
d'drogue
82%
galant
82%
J'avais
82%
j'y
82%
qu'en
82%
Qu'est
82%
tu
82%
euros
81%
maigrir
81%
perdu
81%
peux ?
81%
pieds
81%
quelques
81%
Terre ?
81%
Terre
81%
Pré-refrain J'tombe
80%
kilo
80%
panneaux
80%
acheté
79%
connu
79%
j'me
79%
mignons
79%
rire ?
79%
toktok
79%
veux
79%
fleurs
78%
Longtemps
78%
balcon
77%
éblouir
77%
prête
77%
voyais
75%
ça
74%
charmants
74%
déjà
74%
gens
74%
j'vois
74%
on
73%
travers
73%
l'envers
72%
guerre
71%
mannequin
71%
quoi
71%
d'avoir
70%
sert
70%
bien
69%
sourires
69%
pourquoi
68%
pire
67%
prends
66%
m'regardent
65%
s'fait
65%
toujours
61%
grimaces
58%
leurs
38%
hum
31%
j'comprens
8%
Aucun quiz correspondant
Distribution des résultats
% des personnes avec chaque résultat
Percentile par nombre de réponses
Votre historique - résultats
Vous n’avez pas pris ce quiz